| 000 | 006950000a22002170004500 | ||
|---|---|---|---|
| 003 | LK-CoMWRAF | ||
| 005 | 20231130120519.0 | ||
| 008 | 230817t1979 ||||| |||| 00| 0 eng d | ||
| 040 |
_aLK-CoMWRAF _dLK-CoMWRAF _eLK-CoMWRAF |
||
| 041 | _aeng | ||
| 082 |
_a363.96 _bKHA |
||
| 100 | _aKhan, M.E. | ||
| 245 |
_aFamily planning among Muslims in India : _ba study of the reproductive behaviour of Muslims in an urban setting |
||
| 260 |
_aNew Delhi: _bManohar, _c1979 |
||
| 300 |
_a viii, 198 p. : illustrations ; 22 cm _bIndex included |
||
| 500 | _aiIndex | ||
| 650 | _aBIRTH CONTROL-Religious aspects-Islam | ||
| 650 | _aFamily planning services | ||
| 650 | _aFertility, Human | ||
| 942 | _cBK | ||
| 999 |
_c2303 _d2303 |
||